Imagining multilingual schools : languages in education and glocalization
Αποθηκεύτηκε σε:
| Κύριος συγγραφέας: | |
|---|---|
| Άλλοι συγγραφείς: | , |
| Μορφή: | Βιβλίο |
| Γλώσσα: | English |
| Δημοσίευση: |
Clevedon :
Multilingual Matters,
2006
|
| Σειρά: | Linguistic diversity and language rights ;
; 2 |
| Θέματα: | |
| Ετικέτες: |
Προσθήκη ετικέτας
Δεν υπάρχουν, Καταχωρήστε ετικέτα πρώτοι!
|
MARC
| LEADER | 00000nam a2200000 i 4500 | ||
|---|---|---|---|
| 001 | 1/48487 | ||
| 008 | 070718s2006 eng d | ||
| 020 | |a 1-85359-894-1 | ||
| 035 | |l 10088929 | ||
| 040 | |a GR-MY-UA |b gre |e aacr | ||
| 041 | 0 | |a eng | |
| 082 | 0 | |a 370.117 |2 (22) | |
| 100 | 1 | |a Garcia, Ofelia. | |
| 245 | 1 | 0 | |a Imagining multilingual schools : |b languages in education and glocalization / |c edited by: Ofelia Garcia ; Tove Skutnabb-Kangas and Mara E. Torres-Guzmn |
| 260 | |a Clevedon : |b Multilingual Matters, |c 2006 | ||
| 300 | |a ix, 332 σ.; |c 24 εκ. | ||
| 490 | 1 | |a Linguistic diversity and language rights |v ; 2 | |
| 504 | |a Περιλαμβάνει βιβλιογραφίες και ευρετήριο | ||
| 650 | 0 | 0 | |a Education, Bilingual |x Cross-cultural studies. |
| 650 | 0 | 0 | |a Language and education |x Cross-cultural studies. |
| 650 | 0 | 0 | |a Multicultural education |x Cross-cultural studies. |
| 650 | 0 | 0 | |a Multilingualism |x Cross-cultural studies. |
| 700 | 1 | |a Skutnabb-Kangas, Tove. | |
| 700 | 1 | |a Torres-Guzman, Maria E. | |
| 830 | 0 | |a Linguistic diversity and language rights ; |v ; 2 | |
| 852 | |a INST |b RHODES |e 20070718 |h 370.117 GAR |p 005400026228 |q 005400026228 |t BK |y 0 | ||
| 901 | |a BIBL4-2007-2 | ||
| 909 | |a Ρ |b 135540 | ||
| 922 | |a 4ΕΛΗ |b 200706 |c ΕΠΕΑΕΚ2/ΠΤΔΕ |d Σ. ΠΑΤΑΚΗΣ | ||
| 970 | |a ΜΙΣΣΟΣ |b ΣΤΑΥΡΟΣ |z 2007/07/18 | ||